[Event "DEN-ch KK 2020"]
[Site "Svendborg"]
[Date "2020.10.17"]
[Round "6.3"]
[White "Thuesen, Mogens"]
[Black "Thorsbro, Peter"]
[Result "0-1"]
[WhiteElo "2210"]
[BlackElo "2165"]
[Annotator "ChessBase"]
[PlyCount "54"]
[EventDate "2020.10.09"]
[EventType "tourn"]
[EventCountry "DEN"]
[SourceTitle "playchess.com"]
[Source "ChessBase"]
[SourceQuality "1"]
[TimeControl "40/5400+30:1800+30"]

1. c4 {[%emt 0:00:00]} e5 {[%emt 0:01:08]} 2. Nc3 {[%emt 0:02:03]} Nc6 {[%emt 0:01:28]} 3. g3 {[%emt 0:00:38]} Nf6 {[%emt 0:00:11]} 4. Bg2 {[%emt 0:00:07]} Bc5 {[%emt 0:00:10]} 5. e3 {[%emt 0:04:45]} O-O {[%emt 0:03:48]} 6. Nge2 {[%emt 0:01:20]} a6 {[%emt 0:04:18]} 7. O-O {[%emt 0:00:25]} h6 {[%emt 0:02:22]} 8. a3 {[%emt 0:16:51]} Ba7 {[%emt 0:01:54]} 9. b4 {[%emt 0:06:40]} d6 {[%emt 0:14:39]} 10. Qc2 {[%emt 0:04:10]} Ne7 {[%emt 0:04:51]} 11. d4 {[%emt 0:10:17]} exd4 {[%emt 0:07:51]} 12. Nxd4 {[%emt 0:00:40]} Bxd4 {[%emt 0:02:22]} 13. exd4 {[%emt 0:00:05]} d5 {[%emt 0:00:09]} 14. c5 {[%emt 0:09:49]} Bf5 {[%emt 0:01:10]} 15. Qd1 {[%emt 0:01:11]} Qd7 {[%emt 0:01:52]} 16. Re1 {[%emt 0:03:32]} Ng6 {[%emt 0:01:16]} 17. a4 {[%emt 0:03:38]} c6 {[%emt 0:02:07]} 18. Ra2 {[%emt 0:01:13]} Rfe8 {[%emt 0:01:21]} 19. Rae2 {[%emt 0:00:30]} Rxe2 {[%emt 0:00:29]} 20. Qxe2 {[%emt 0:04:04]} Re8 {[%emt 0:01:00]} 21. Qf1 {[%emt 0:01:26]} Rxe1 {[%emt 0:06:56]} 22. Qxe1 {[%emt 0:00:12]} Bh3 {[%emt 0:00:19]} 23. Bh1 {[%emt 0:02:49]} Qf5 {[%emt 0:01:25]} 24. Ne2 {[%emt 0:10:10]} Qc2 {[%emt 0:05:59]} 25. a5 {[%emt 0:02:05]} Bf5 {[%emt 0:02:25]} 26. Qd2 {[%emt 0:04:01]} Qc4 {[%emt 0:01:43]} 27. f3 {[%emt 0:01:39]} Bd3 {[%emt 0:00:49]} 0-1

[Event "DEN-ch KK 2020"]
[Site "Svendborg"]
[Date "2020.10.17"]
[Round "6.4"]
[White "Georgescu, Lena"]
[Black "Rey Malde, Henrique"]
[Result "1/2-1/2"]
[WhiteElo "2276"]
[BlackElo "2201"]
[Annotator "TA"]
[PlyCount "62"]
[EventDate "2020.10.09"]
[EventType "tourn"]
[EventCountry "DEN"]
[SourceTitle "playchess.com"]
[Source "ChessBase"]
[SourceQuality "1"]

{[%evp 14,62,15,0,0,0,24,12,17,0,0,-3,-5,-4,0,0,0,-4,-4,0,0,0,0,-8,-3,-3,0,-27,-22,-74,-78,-72,-78,-88,-75,-101,-14,-41,-48,-41,-45,-44,-36,-49,-44,-45,-58,-63,-23,-50,-55]} 1. e4 c5 2. Nf3 Nc6 3. Nc3 e5 4. Bc4 d6 5. d3 Be7 6. O-O Nf6 7. Ng5 O-O 8. f4 Bg4 {B30: Sicilian: 2...Nc6 3 Bb5, lines without ...g6.} 9. Qe1 exf4 10. Bxf4 Nd4 {The position is equal.} 11. h3 Bh5 ({But not} 11... Nxc2 $6 12. Qd2 $16) 12. Qd2 Qd7 13. g4 h6 14. gxh5 {[#] Strongly threatening Nf3.} hxg5 15. Bxg5 Qxh3 16. Qg2 Qxg2+ 17. Kxg2 Nxc2 18. Rac1 $132 {[%mdl 2048] White is not keeping still} Nd4 19. h6 Rae8 {[#]} 20. Rh1 $146 ({Predecessor:} 20. Bd2) 20... Ng4 21. Bxe7 (21. Bd2 $11) 21... Rxe7 $17 22. hxg7 Kxg7 23. Rcg1 Rh8 24. Rh3 Re5 ({Better is} 24... Ree8 $17) 25. Kg3 Rg5 {[#] ...Rxh3+ is the strong threat.} 26. Rxh8 Ne5+ 27. Kf2 Rxg1 28. Rb8 Rc1 {White must now prevent ...Rc2+.} 29. Rxb7 Rc2+ 30. Kg3 a5 31. a4 Kf6 {Av CentiPawn Loss W=-10/B=-5. Weighted=-12/-7} 1/2-1/2

[Event "DEN-ch KK 2020"]
[Site "Svendborg"]
[Date "2020.10.17"]
[Round "6.5"]
[White "Kakulidis, Ellen"]
[Black "Kolbak, Jens"]
[Result "1/2-1/2"]
[WhiteElo "2073"]
[BlackElo "2114"]
[Annotator "ChessBase"]
[PlyCount "111"]
[EventDate "2020.10.09"]
[EventType "tourn"]
[EventCountry "DEN"]
[SourceTitle "playchess.com"]
[Source "ChessBase"]
[SourceQuality "1"]
[TimeControl "40/5400+30:1800+30"]

1. d4 {[%emt 0:00:00]} d5 {[%emt 0:00:00]} 2. Nf3 {[%emt 0:00:00]} e6 {[%emt 0:00:34]} 3. g3 {[%emt 0:00:00]} Nf6 {[%emt 0:00:34]} 4. Bg2 {[%emt 0:00:01]} c5 {[%emt 0:00:44]} 5. O-O {[%emt 0:01:16]} Nc6 {[%emt 0:00:26]} 6. c4 {[%emt 0:01:04]} Be7 {[%emt 0:02:03]} 7. cxd5 {[%emt 0:02:50]} Nxd5 {[%emt 0:00:54]} 8. Nc3 {[%emt 0:02:25]} Nxc3 {[%emt 0:05:15]} 9. bxc3 {[%emt 0:00:08]} O-O {[%emt 0:00:20]} 10. Qd3 {[%emt 0:10:39]} Qa5 {[%emt 0:05:13]} 11. Bg5 {[%emt 0:08:58]} c4 {[%emt 0:10:43]} 12. Qd2 {[%emt 0:07:08]} Bxg5 {[%emt 0:04:26]} 13. Nxg5 {[%emt 0:00:42]} h6 {[%emt 0:02:07]} 14. Nf3 {[%emt 0:03:10]} Rb8 {[%emt 0:05:22]} 15. a4 {[%emt 0:03:57]} Bd7 {[%emt 0:02:38]} 16. Rfb1 {[%emt 0:01:54]} Qc7 {[%emt 0:07:07]} 17. Qa2 {[%emt 0:06:12]} Na5 {[%emt 0:04:07]} 18. Nd2 {[%emt 0:03:01]} b6 {[%emt 0:07:22]} 19. e3 {[%emt 0:02:27]} Bc8 {[%emt 0:02:21]} 20. f4 {[%emt 0:10:46]} Ba6 {[%emt 0:01:16]} 21. Rf1 {[%emt 0:03:00]} Rbc8 {[%emt 0:06:07]} 22. Rf2 {[%emt 0:01:29]} Nb3 {[%emt 0:01:37]} 23. Raf1 {[%emt 0:00:56]} Nxd2 {[%emt 0:00:24]} 24. Qxd2 {[%emt 0:00:19]} Rcd8 {[%emt 0:03:13]} 25. f5 {[%emt 0:02:48]} exf5 {[%emt 0:05:21]} 26. Rxf5 {[%emt 0:01:13]} Bc8 {[%emt 0:00:17]} 27. R5f4 {[%emt 0:00:42]} a6 {[%emt 0:01:53]} 28. Be4 {[%emt 0:06:29]} Bb7 {[%emt 0:04:21]} 29. Bxb7 {[%emt 0:03:16]} Qxb7 {[%emt 0:00:07]} 30. e4 {[%emt 0:00:47]} Qc6 {[%emt 0:01:54]} 31. Qc2 {[%emt 0:01:41]} b5 {[%emt 0:02:07]} 32. axb5 {[%emt 0:01:06]} axb5 {[%emt 0:00:08]} 33. Qd1 {[%emt 0:01:06]} Qd7 {[%emt 0:04:42]} 34. e5 {[%emt 0:01:06]} Qd5 {[%emt 0:01:21]} 35. Qg4 {[%emt 0:00:33]} Ra8 {[%emt 0:01:13]} 36. Qe2 {[%emt 0:01:36]} Ra6 {[%emt 0:01:40]} 37. Qf3 {[%emt 0:01:10]} Qxf3 {[%emt 0:04:45]} 38. R4xf3 {[%emt 0:00:18]} b4 {[%emt 0:01:27]} 39. cxb4 {[%emt 0:00:27]} Rd8 {[%emt 0:00:12]} 40. Rxf7 {[%emt 0:02:57]} Rxd4 {[%emt 0:00:08]} 41. R7f4 {[%emt 0:38:32]} Rd2 {[%emt 0:05:24]} 42. R4f2 {[%emt 0:00:00]} Rd5 {[%emt 0:01:20]} 43. Re2 {[%emt 0:00:00]} Re6 {[%emt 0:00:12]} 44. Rc1 {[%emt 0:00:00]} Rdxe5 {[%emt 0:03:04]} 45. Rxe5 {[%emt 0:00:00]} Rxe5 {[%emt 0:00:06]} 46. Rxc4 {[%emt 0:00:00]} Re2 {[%emt 0:00:06]} 47. Rc7 {[%emt 0:00:00]} Rb2 {[%emt 0:00:37]} 48. Rb7 {[%emt 0:00:00]} Kh7 {[%emt 0:00:30]} 49. b5 {[%emt 0:00:00]} Kg6 {[%emt 0:00:30]} 50. b6 {[%emt 0:00:00]} Kf6 {[%emt 0:06:20]} 51. h4 {[%emt 0:00:00]} g6 {[%emt 0:07:41]} 52. Rb8 {[%emt 0:00:00]} Kf5 {[%emt 0:01:03]} 53. b7 {[%emt 0:01:44]} Kg4 {[%emt 0:00:12]} 54. Rg8 {[%emt 0:01:01]} Rxb7 {[%emt 0:00:08]} 55. Rxg6+ {[%emt 0:00:09]} Kh3 {[%emt 0:04:49]} 56. Rxh6 {[%emt 0:01:16]} 1/2-1/2

[Event "DEN-ch KK 2020"]
[Site "Svendborg"]
[Date "2020.10.17"]
[Round "6.6"]
[White "Jaksland, Tim"]
[Black "Kistrup, Nicolai"]
[Result "0-1"]
[WhiteElo "2247"]
[BlackElo "2128"]
[Annotator "ChessBase"]
[PlyCount "126"]
[EventDate "2020.10.09"]
[EventType "tourn"]
[EventCountry "DEN"]
[SourceTitle "playchess.com"]
[Source "ChessBase"]
[SourceQuality "1"]
[TimeControl "40/5400+30:1800+30"]

1. e4 {[%emt 0:01:42]} c5 {[%emt 0:00:00]} 2. Nc3 {[%emt 0:00:32]} Nc6 {[%emt 0:00:24]} 3. Bb5 {[%emt 0:00:10]} Nd4 {[%emt 0:00:32]} 4. Nf3 {[%emt 0:00:22]} a6 {[%emt 0:00:29]} 5. Bd3 {[%emt 0:00:24]} Nc6 {[%emt 0:00:52]} 6. O-O {[%emt 0:01:44]} e6 {[%emt 0:00:36]} 7. a3 {[%emt 0:02:10]} b5 {[%emt 0:32:21]} 8. b3 {[%emt 0:21:56]} g5 {[%emt 0:11:07]} 9. Bb2 {[%emt 0:02:32]} Bg7 {[%emt 0:01:28]} 10. Rb1 {[%emt 0:09:37]} d6 {[%emt 0:08:24]} 11. Ne2 {[%emt 0:37:17]} Bxb2 {[%emt 0:20:37]} 12. Rxb2 {[%emt 0:00:12]} e5 {[%emt 0:01:14]} 13. Ng3 {[%emt 0:04:31]} h5 {[%emt 0:01:38]} 14. c3 {[%emt 0:03:16]} Qf6 {[%emt 0:04:11]} 15. Ne1 {[%emt 0:01:22]} h4 {[%emt 0:01:46]} 16. Nh1 {[%emt 0:00:14]} Qg6 {[%emt 0:05:54]} 17. a4 {[%emt 0:05:37]} b4 {[%emt 0:02:18]} 18. Qe2 {[%emt 0:00:29]} Nf6 {[%emt 0:00:42]} 19. Nc2 {[%emt 0:01:34]} Nh5 {[%emt 0:01:00]} 20. g3 {[%emt 0:00:39]} Nf4 {[%emt 0:02:49]} 21. Qe3 {[%emt 0:01:11]} hxg3 {[%emt 0:01:01]} 22. fxg3 {[%emt 0:00:41]} Qh5 {[%emt 0:00:13]} 23. Rf2 {[%emt 0:02:32]} Nh3+ {[%emt 0:00:32]} 24. Kf1 {[%emt 0:00:04]} Nxf2 {[%emt 0:00:59]} 25. Nxf2 {[%emt 0:01:05]} Qxh2 {[%emt 0:00:30]} 26. Qxg5 {[%emt 0:00:06]} Be6 {[%emt 0:00:43]} 27. Ne3 {[%emt 0:00:16]} Qh6 {[%emt 0:00:24]} 28. Qxh6 {[%emt 0:00:46]} Rxh6 {[%emt 0:00:05]} 29. Ke2 {[%emt 0:00:45]} Na5 {[%emt 0:00:58]} 30. Nd5 {[%emt 0:00:32]} Bxd5 {[%emt 0:00:18]} 31. exd5 {[%emt 0:00:02]} Ke7 {[%emt 0:00:46]} 32. Rb1 {[%emt 0:00:14]} Rhh8 {[%emt 0:00:29]} 33. Kf3 {[%emt 0:00:29]} Rhb8 {[%emt 0:00:10]} 34. c4 {[%emt 0:00:26]} Rh8 {[%emt 0:00:15]} 35. Bc2 {[%emt 0:01:05]} Raf8 {[%emt 0:00:45]} 36. Bf5 {[%emt 0:00:14]} Rh2 {[%emt 0:00:42]} 37. g4 {[%emt 0:00:31]} Rfh8 {[%emt 0:00:32]} 38. Kg3 {[%emt 0:00:21]} f6 {[%emt 0:00:40]} 39. Bg6 {[%emt 0:00:25]} R2h6 {[%emt 0:00:30]} 40. Bf5 {[%emt 0:00:27]} Rh2 {[%emt 0:00:24]} 41. Bg6 {[%emt 0:30:08]} Nb7 {[%emt 0:11:34]} 42. Bh5 {[%emt 0:00:00]} R8xh5 {[%emt 0:00:51]} 43. gxh5 {[%emt 0:00:00]} Rxh5 {[%emt 0:00:07]} 44. Kg4 {[%emt 0:00:00]} Rg5+ {[%emt 0:02:37]} 45. Kf3 {[%emt 0:00:00]} Na5 {[%emt 0:01:03]} 46. Ne4 {[%emt 0:00:00]} Rf5+ {[%emt 0:02:40]} 47. Ke3 {[%emt 0:00:00]} Rh5 {[%emt 0:01:27]} 48. Ng3 {[%emt 0:00:00]} Rg5 {[%emt 0:02:22]} 49. Ne4 {[%emt 0:00:00]} Rg7 {[%emt 0:01:05]} 50. Kf2 {[%emt 0:00:00]} f5 {[%emt 0:02:00]} 51. Ng3 {[%emt 0:00:00]} Rf7 {[%emt 0:00:41]} 52. Kf3 {[%emt 0:00:00]} Kf6 {[%emt 0:00:40]} 53. d3 {[%emt 0:00:59]} Rh7 {[%emt 0:00:35]} 54. Rb2 {[%emt 0:00:27]} Kg5 {[%emt 0:02:34]} 55. Rb1 {[%emt 0:03:51]} Rh2 {[%emt 0:01:27]} 56. Rg1 {[%emt 0:00:20]} Kf6 {[%emt 0:00:39]} 57. Rb1 {[%emt 0:00:36]} Rd2 {[%emt 0:01:47]} 58. Ke3 {[%emt 0:01:02]} Rc2 {[%emt 0:01:03]} 59. Ne2 {[%emt 0:02:56]} f4+ {[%emt 0:00:45]} 60. Kf3 {[%emt 0:00:05]} Rd2 {[%emt 0:00:31]} 61. Nc1 {[%emt 0:00:34]} Rd1 {[%emt 0:00:21]} 62. Ke2 {[%emt 0:00:12]} Rh1 {[%emt 0:00:16]} 63. Kd2 {[%emt 0:00:06]} Kg5 {[%emt 0:00:38]} 0-1

[Event "DEN-ch KK 2020"]
[Site "Svendborg"]
[Date "2020.10.17"]
[Round "6.7"]
[White "Matthiesen, Martin"]
[Black "Rossen, Claus"]
[Result "1-0"]
[WhiteElo "2301"]
[BlackElo "2099"]
[Annotator "TA"]
[PlyCount "85"]
[EventDate "2020.10.09"]
[EventType "tourn"]
[EventCountry "DEN"]
[SourceTitle "playchess.com"]
[Source "ChessBase"]
[SourceQuality "1"]

{[%evp 25,85,51,58,56,54,58,54,58,58,46,72,57,58,35,77,54,142,142,179,169,187,83,75,0,0,0,0,0,0,0,0,0,0,-185,-180,-119,0,0,0,-195,-173,-409,0,0,0,0,0,0,0,0,0,0,0,0,750,693,978,954,6095,6095,29992,29993]} 1. e4 c5 2. Nf3 Nc6 3. d4 cxd4 4. Nxd4 e5 5. Nb5 a6 6. Nd6+ Bxd6 7. Qxd6 Qf6 8. Qd1 Qg6 9. Nc3 Nge7 10. h4 h5 11. Bg5 d5 12. exd5 Nb4 13. Bxe7 Kxe7 14. Bd3 $1 {[%cal Rd3g6] B32: Sicilian: Löwenthal and Kalashnikov Variations.} Nxd3+ 15. Qxd3 Qxd3 16. cxd3 {White is slightly better.} b5 17. O-O {[#]} b4 $146 ({Predecessor:} 17... Bf5 18. f4 Bxd3 19. Rfe1 b4 20. Rxe5+ Kd6 21. Nd1 Rae8 22. Nf2 Bc2 23. Rc1 Rc8 {0-1 (35) Kis Kos,L (1241)-Edwards,K (1172) LSS email 2010}) 18. Na4 Rb8 19. f4 exf4 20. Rxf4 f5 (20... Rd8 $14) 21. Rc1 $16 Kd6 22. Rc6+ Ke5 23. Rfc4 (23. g3 $1 $18) 23... Bd7 24. Rxa6 ({White should try} 24. d4+ $1 $16 Kxd5 {[%mdl 64] Pin} 25. R4c5+ Ke4 26. Rxa6) 24... Bb5 $36 {[%mdl 2112] Double Attack. White is under pressure.} 25. Ra5 Bxc4 26. dxc4 Ra8 27. Rxa8 Rxa8 {[%mdl 4096] Endgame KR-KN} 28. b3 Kd6 29. Kf2 $2 (29. c5+ $1 $11 Kc7 30. Kf2) 29... Re8 $1 $19 {[%mdl 1024] Black has strong compensation.} 30. Nb2 Ra8 (30... Re4 $1 $17 31. Nd3 Rxh4) 31. Na4 $11 Re8 32. g3 $2 {[#]} (32. Nb2 $1 $11 {and White has nothing to worry.}) 32... Re4 $1 $19 33. Nb2 $2 {[#]} (33. Kf3) 33... Rd4 $2 (33... f4 $1 $19 {White must now prevent ...Rd4.} 34. gxf4 (34. Kf3 $2 fxg3 35. Kxg3 Rd4 $19) 34... Rxf4+ {[%mdl 64] Double Attack} 35. Kg2 Rxh4) 34. Ke3 $11 Rg4 {And now ...g5 would win.} 35. Kf3 f4 (35... Rd4 $5) 36. gxf4 Rxh4 37. Nd3 Rh3+ 38. Ke4 h4 {Threatens to win with ...Rxd3!} 39. c5+ ({Avoid the trap} 39. Nxb4 $2 Rc3 $19) 39... Ke7 $2 {[%mdl 8192]} (39... Kc7 $11 40. d6+ (40. Nxb4 $2 Rc3 $19) 40... Kc8) 40. Ne5 $18 Rc3 {Hoping for ...h3.} 41. d6+ Ke8 42. c6 {White wants to mate with c7.} h3 43. c7 {A wild game. Av CentiPawn Loss W=-30/B=-130. Weighted=-32/-124} 1-0

[Event "DEN-ch KK 2020"]
[Site "Svendborg"]
[Date "2020.10.17"]
[Round "6.8"]
[White "Nordenbaek, Jan"]
[Black "Steffensen, Elena"]
[Result "1/2-1/2"]
[WhiteElo "2238"]
[BlackElo "2081"]
[Annotator "ChessBase"]
[PlyCount "89"]
[EventDate "2020.10.09"]
[EventType "tourn"]
[EventCountry "DEN"]
[SourceTitle "playchess.com"]
[Source "ChessBase"]
[SourceQuality "1"]
[TimeControl "40/5400+30:1800+30"]

1. d4 {[%emt 0:00:00]} g6 {[%emt 0:00:00]} 2. c4 {[%emt 0:00:39]} c6 {[%emt 0:00:00]} 3. Bf4 {[%emt 0:03:06]} Nf6 {[%emt 0:06:54]} 4. Nc3 {[%emt 0:00:54]} Bg7 {[%emt 0:01:54]} 5. e3 {[%emt 0:03:12]} d6 {[%emt 0:00:53]} 6. h3 {[%emt 0:01:38]} O-O {[%emt 0:04:36]} 7. Nf3 {[%emt 0:01:36]} Nbd7 {[%emt 0:04:01]} 8. Be2 {[%emt 0:00:19]} Re8 {[%emt 0:02:24]} 9. O-O {[%emt 0:03:28]} Qc7 {[%emt 0:12:10]} 10. c5 {[%emt 0:02:09]} Nh5 {[%emt 0:02:21]} 11. cxd6 {[%emt 0:07:12]} exd6 {[%emt 0:00:39]} 12. Bh2 {[%emt 0:00:05]} Nf8 {[%emt 0:07:17]} 13. Rc1 {[%emt 0:01:54]} Qe7 {[%emt 0:01:56]} 14. b4 {[%emt 0:03:17]} d5 {[%emt 0:05:00]} 15. b5 {[%emt 0:00:23]} Be6 {[%emt 0:03:16]} 16. bxc6 {[%emt 0:05:46]} bxc6 {[%emt 0:00:09]} 17. Ne5 {[%emt 0:02:11]} Bxe5 {[%emt 0:01:27]} 18. Bxe5 {[%emt 0:00:08]} Ng7 {[%emt 0:00:46]} 19. Na4 {[%emt 0:02:23]} Nd7 {[%emt 0:03:02]} 20. Bh2 {[%emt 0:09:24]} Nb6 {[%emt 0:05:46]} 21. Nxb6 {[%emt 0:03:01]} axb6 {[%emt 0:01:16]} 22. Rxc6 {[%emt 0:00:04]} Rxa2 {[%emt 0:00:30]} 23. Rxb6 {[%emt 0:00:43]} Nf5 {[%emt 0:03:54]} 24. Bd3 {[%emt 0:08:19]} Qg5 {[%emt 0:06:51]} 25. Bf4 {[%emt 0:02:38]} Qh4 {[%emt 0:01:28]} 26. Qf3 {[%emt 0:03:34]} Ng7 {[%emt 0:05:37]} 27. Rfb1 {[%emt 0:04:21]} Ra3 {[%emt 0:01:38]} 28. Bb5 {[%emt 0:00:38]} Rc8 {[%emt 0:01:05]} 29. Ba6 {[%emt 0:05:05]} Re8 {[%emt 0:00:18]} 30. Bd6 {[%emt 0:01:17]} Ra2 {[%emt 0:01:06]} 31. Bb5 {[%emt 0:02:30]} Rc8 {[%emt 0:00:18]} 32. Bc6 {[%emt 0:01:07]} Nf5 {[%emt 0:00:29]} 33. Be5 {[%emt 0:00:48]} Rc2 {[%emt 0:01:43]} 34. Ba4 {[%emt 0:03:40]} Rc1+ {[%emt 0:00:52]} 35. Kh2 {[%emt 0:01:45]} Nh6 {[%emt 0:00:33]} 36. Bd1 {[%emt 0:07:28]} Ng4+ {[%emt 0:02:57]} 37. Kg1 {[%emt 0:00:11]} Nxe5 {[%emt 0:01:41]} 38. dxe5 {[%emt 0:00:03]} Qc4 {[%emt 0:04:45]} 39. Kh2 {[%emt 0:02:52]} Qc7 {[%emt 0:01:04]} 40. Rxc1 {[%emt 0:04:14]} Qxe5+ {[%emt 0:00:28]} 41. Qg3 {[%emt 0:30:26]} Qxg3+ {[%emt 0:30:20]} 42. Kxg3 {[%emt 0:00:04]} Rxc1 {[%emt 0:00:08]} 43. Bf3 {[%emt 0:00:45]} Rc2 {[%emt 0:02:17]} 44. Rd6 {[%emt 0:00:21]} Rd2 {[%emt 0:00:11]} 45. Bg4 {[%emt 0:00:00]} 1/2-1/2

[Event "DEN-ch KK 2020"]
[Site "Svendborg"]
[Date "2020.10.17"]
[Round "6.9"]
[White "Hansen, Lars Bo"]
[Black "Meskenas, Paulius"]
[Result "0-1"]
[WhiteElo "2560"]
[BlackElo "2032"]
[Annotator "TA"]
[PlyCount "42"]
[EventDate "2020.10.09"]
[EventType "tourn"]
[EventCountry "DEN"]
[SourceTitle "playchess.com"]
[Source "ChessBase"]
[SourceQuality "1"]

{[%evp 20,42,27,43,25,37,22,21,66,46,60,55,74,56,67,54,58,0,0,0,0,0,71,-29997,-29998]} 1. d4 Nf6 2. Bg5 d5 3. e3 Nbd7 4. Nf3 h6 5. Bh4 c5 6. c3 e6 7. Nbd2 Be7 8. Bd3 O-O 9. O-O b6 10. Ne5 Nxe5 11. dxe5 Nd7 {D03: 1 d4 d5 2 Nf3 Nf6 3 Bg5, including Torre Attack with early ...d5.} 12. Bxe7 Qxe7 13. f4 f5 {The position is equal.} 14. exf6 Nxf6 15. Nf3 Nd7 16. Bb1 Ba6 17. Re1 {[#]} Rf6 $146 ({Predecessor:} 17... Bb7 18. Qd3 Nf6 19. Ne5 Rfd8 20. Qg6 Qe8 21. Qg3 Ne4 22. Qh3 Rd6 23. g4 Qe7 {1-0 (64) Luther,H (1896)-Truempelmann,J (1947) Germany 2005}) 18. Ne5 (18. Qc2 $14 g6 19. Ne5) 18... Nxe5 $11 19. fxe5 Rff8 20. Qc2 {Qh7+ would kill now.} Qg5 (20... Rf5 $11 21. Qa4 Rh5) 21. a4 $2 {[%mdl 8192] [#]} (21. Qh7+ $16 Kf7 {[#]} 22. Bg6+ $1 {[%mdl 512]} Qxg6 23. Rf1+ $1 {[%mdl 512]} Bxf1 24. Rxf1+ Qf5 25. Rxf5+ exf5 26. Qxf5+ Kg8 27. Qd7) 21... Qxe3+ $1 {[%mdl 576] Double Attack. Av CentiPawn Loss W=-110/B=-11. Weighted=-215/-15} 0-1

[Event "DEN-ch KK 2020"]
[Site "Svendborg"]
[Date "2020.10.17"]
[Round "6.10"]
[White "Nilssen, Ellen Fredericia"]
[Black "Easwaralingam, Adesh"]
[Result "0-1"]
[WhiteElo "2209"]
[BlackElo "2110"]
[Annotator "ChessBase"]
[PlyCount "54"]
[EventDate "2020.10.09"]
[EventType "tourn"]
[EventCountry "DEN"]
[SourceTitle "playchess.com"]
[Source "ChessBase"]
[SourceQuality "1"]
[TimeControl "40/5400+30:1800+30"]

1. c4 {[%emt 0:00:00]} Nf6 {[%emt 0:00:00]} 2. Nf3 {[%emt 0:00:00]} e6 {[%emt 0:00:00]} 3. a3 {[%emt 0:00:00]} d5 {[%emt 0:00:48]} 4. e3 {[%emt 0:00:00]} c5 {[%emt 0:01:25]} 5. d4 {[%emt 0:00:00]} dxc4 {[%emt 0:01:37]} 6. Bxc4 {[%emt 0:00:11]} Nc6 {[%emt 0:01:34]} 7. O-O {[%emt 0:00:12]} cxd4 {[%emt 0:00:14]} 8. exd4 {[%emt 0:00:18]} Be7 {[%emt 0:01:32]} 9. Nc3 {[%emt 0:00:24]} O-O {[%emt 0:00:21]} 10. Re1 {[%emt 0:01:19]} a6 {[%emt 0:03:29]} 11. Bf4 {[%emt 0:08:53]} b5 {[%emt 0:04:56]} 12. Ba2 {[%emt 0:04:58]} Bb7 {[%emt 0:03:26]} 13. Rc1 {[%emt 0:09:26]} Rc8 {[%emt 0:03:50]} 14. d5 {[%emt 0:01:04]} exd5 {[%emt 0:02:24]} 15. Nxd5 {[%emt 0:00:39]} Nxd5 {[%emt 0:01:15]} 16. Bxd5 {[%emt 0:00:16]} Bf6 {[%emt 0:02:03]} 17. Bd6 {[%emt 0:06:32]} Re8 {[%emt 0:05:27]} 18. Bxf7+ {[%emt 0:11:03]} Kxf7 {[%emt 0:00:13]} 19. Qd5+ {[%emt 0:04:04]} Kg6 {[%emt 0:00:05]} 20. Qd3+ {[%emt 0:05:49]} Kf7 {[%emt 0:03:50]} 21. Qd5+ {[%emt 0:00:19]} Kg6 {[%emt 0:00:13]} 22. Rxe8 {[%emt 0:13:27]} Qxe8 {[%emt 0:00:22]} 23. g4 {[%emt 0:07:53]} Ne5 {[%emt 0:22:59]} 24. Nxe5+ {[%emt 0:00:28]} Qxe5 {[%emt 0:00:14]} 25. Qd3+ {[%emt 0:01:50]} Kf7 {[%emt 0:00:11]} 26. Bxe5 {[%emt 0:07:33]} Rxc1+ {[%emt 0:00:09]} 27. Qd1 {[%emt 0:00:03]} Rxd1# {[%emt 0:00:11]} 0-1

[Event "DEN-ch KK 2020"]
[Site "Svendborg"]
[Date "2020.10.17"]
[Round "6.11"]
[White "Hald Falkesgaard, Jeppe"]
[Black "Liu, Casper"]
[Result "0-1"]
[WhiteElo "1984"]
[BlackElo "2155"]
[Annotator "ChessBase"]
[PlyCount "48"]
[EventDate "2020.10.09"]
[EventType "tourn"]
[EventCountry "DEN"]
[SourceTitle "playchess.com"]
[Source "ChessBase"]
[SourceQuality "1"]
[TimeControl "40/5400+30:1800+30"]

1. d4 {[%emt 0:00:00]} c5 {[%emt 0:00:15]} 2. d5 {[%emt 0:00:00]} f5 {[%emt 0:00:04]} 3. c4 {[%emt 0:00:41]} d6 {[%emt 0:00:18]} 4. g3 {[%emt 0:00:17]} g6 {[%emt 0:00:03]} 5. Bg2 {[%emt 0:00:05]} Bg7 {[%emt 0:00:04]} 6. Nf3 {[%emt 0:00:18]} Nf6 {[%emt 0:01:41]} 7. O-O {[%emt 0:00:16]} O-O {[%emt 0:00:05]} 8. Nc3 {[%emt 0:00:25]} Na6 {[%emt 0:00:10]} 9. Re1 {[%emt 0:02:12]} Nc7 {[%emt 0:01:24]} 10. e4 {[%emt 0:06:24]} fxe4 {[%emt 0:00:38]} 11. Ng5 {[%emt 0:00:29]} Rb8 {[%emt 0:04:52]} 12. Ncxe4 {[%emt 0:25:46]} Nxe4 {[%emt 0:03:06]} 13. Bxe4 {[%emt 0:00:26]} Bf5 {[%emt 0:12:01]} 14. a4 {[%emt 0:02:59]} a6 {[%emt 0:09:46]} 15. Qe2 {[%emt 0:10:03]} Qc8 {[%emt 0:05:40]} 16. Qc2 {[%emt 0:11:19]} b5 {[%emt 0:10:24]} 17. axb5 {[%emt 0:03:39]} axb5 {[%emt 0:00:39]} 18. Bxf5 {[%emt 0:06:55]} Rxf5 {[%emt 0:00:15]} 19. Ra7 {[%emt 0:06:42]} Bd4 {[%emt 0:05:03]} 20. Kh1 {[%emt 0:04:07]} Rb7 {[%emt 0:06:48]} 21. Rxb7 {[%emt 0:06:35]} Qxb7 {[%emt 0:00:03]} 22. b3 {[%emt 0:04:34]} bxc4 {[%emt 0:15:11]} 23. bxc4 {[%emt 0:00:13]} e6 {[%emt 0:18:12]} 24. Qe4 {[%emt 0:03:45]} Re5 {[%emt 0:00:28]} 0-1